Géométrie différentielle /
Guardado en:
| Autor Principal: | |
|---|---|
| Formato: | Libro |
| Idioma: | French |
| Publicado: |
São Paulo :
Sociedade de Matemática,
1967-
|
| Series: | Publicações da Sociedade de Matemática de São Paulo
|
| Materias: | |
| Etiquetas: |
Agregar Etiqueta
Sin Etiquetas, Sea el primero en etiquetar este registro!
|
| LEADER | 00721cam a22002171a 4500 | ||
|---|---|---|---|
| 001 | MAT.inmabb005684 | ||
| 008 | 840924m19679999bl#######b####000#0#fre## | ||
| 005 | 20160816150934.0 | ||
| 245 | 1 | 0 | |a Géométrie différentielle / |c Paul Ver Eecke. |
| 260 | |a São Paulo : |b Sociedade de Matemática, |c 1967- | ||
| 300 | |a v. <1; (101 leaves) > ; |c 31 cm. | ||
| 440 | 0 | |a Publicações da Sociedade de Matemática de São Paulo | |
| 504 | |a Bibliografía: v. 1, hoja 100. | ||
| 505 | 1 | |a fasc. 1. Calcul des jets. | |
| 510 | 4 | |a MR, |c 36 #5844 | |
| 100 | 1 | |a Ver Eecke, Paul. | |
| 084 | |a 58A20 |2 msc2000 | ||
| 650 | 0 | |a Geometry, Differential. | |
| 010 | |a 77355176 | ||
| 040 | |a DLC/ICU |c ICU |d DLC | ||
| 859 | |h 58 |i V489 |p A-2403 |b BIB. MATEMATICA | ||
